[Event "2nd SUFE Cup Rapid"]
[Site "Shanghai CHN"]
[Date "2001.05.31"]
[Round "1"]
[White "Alexandria,N"]
[Black "Xu Yuhua"]
[Result "1-0"]
[WhiteElo "2336"]
[BlackElo "2501"]
[EventDate "2001.05.31"]

1. d4 Nf6 2. c4 e6 3. Nf3 b6 4. Bf4 Bb7 5. e3 Be7 6. Nc3 d5 7. cxd5 Nxd5 8.
Nxd5 exd5 9. Qa4+ c6 10. Ne5 O-O 11. Be2 Qd6 12. O-O Qe6 13. Rac1 Bd6 14.
Nd3 Nd7 15. Bf3 Rfc8 16. Rfd1 Nf6 17. Bxd6 Qxd6 18. Qb4 Qe6 19. a4 Rab8 20.
a5 Ba6 21. Nf4 Qd7 22. Qa3 Bb5 23. Rc3 Re8 24. Rdc1 Ne4 25. R3c2 Rbd8 26.
Nd3 f6 27. Nb4 Rc8 28. Rd1 Nd6 29. b3 Ne4 30. axb6 axb6 31. Qc1 Qd6 32. Nd3
Ra8 33. Nf4 Qb4 34. Be2 Bxe2 35. Nxe2 Qxb3 36. Rxc6 Re7 37. Nc3 Nxc3 38.
Rxc3 Qa4 39. Qb1 Rb8 40. Rdc1 Ree8 41. h3 Rb7 42. Rb3 Qa6 43. Rc6 Reb8 44.
Rb5 Qa4 45. Rd6 Rc7 46. Rbxd5 Qa8 47. Rb5 Rbc8 48. Qb3+ Kh8 49. Rdxb6 Qa1+
50. Kh2 Qf1 51. Kg3 h6 52. Rb8 Qc1 53. Rxc8+ Rxc8 54. Qd3 Qc7+ 55. f4 Qc1
56. d5 Re8 57. Rb3 h5 58. Kh2 h4 59. Qg6 Rd8 60. Qh5+ Kg8 61. Qxh4 Rxd5 62.
Rb8+ Kf7 63. Rb7+ Kg8 64. Rb8+ Kf7 65. Qf2 Rd1 66. f5 Qa1 67. Qf4 Rh1+ 68.
Kg3 Rc1 69. Rb7+ Kg8 70. Rb8+ Kf7 71. Qd6 Qe5+ 72. Qxe5 fxe5 73. Rb6 Rc4
74. Kf3 e4+ 75. Kf4 Rc2 76. g3 1-0

[Event "2nd SUFE Cup Rapid"]
[Site "Shanghai CHN"]
[Date "2001.05.31"]
[Round "1"]
[White "Wang Pin"]
[Black "Maric,A"]
[Result "1-0"]
[WhiteElo "2504"]
[BlackElo "2446"]
[EventDate "2001.05.31"]

1. e4 c6 2. d4 d5 3. Nc3 dxe4 4. Nxe4 Bf5 5. Ng3 Bg6 6. h4 h6 7. Nf3 Nf6 8.
Ne5 Bh7 9. Bd3 Bxd3 10. Qxd3 e6 11. Bd2 Nbd7 12. f4 c5 13. O-O-O Be7 14.
Ne2 O-O 15. g4 Nxe5 16. fxe5 Nxg4 17. Rhg1 h5 18. Nf4 Qxd4 19. Nxh5 Qxd3
20. cxd3 Nf2 21. Rxg7+ Kh8 22. Rf1 Nxd3+ 23. Kc2 c4 24. Rfxf7 Rxf7 25. Rxf7
Bxh4 26. Nf6 Bxf6 27. exf6 b5 28. Re7 Rf8 29. Bh6 Nb4+ 30. Kc1 Rg8 31. f7
Rg1+ 32. Kd2 Rg2+ 33. Kd1 Rg1+ 34. Ke2 1-0

[Event "2nd SUFE Cup Rapid"]
[Site "Shanghai CHN"]
[Date "2001.05.31"]
[Round "2"]
[White "Maric,A"]
[Black "Qin Kanying"]
[Result "1/2-1/2"]
[WhiteElo "2446"]
[BlackElo "2489"]
[EventDate "2001.05.31"]

1. d4 Nf6 2. Nf3 g6 3. c4 Bg7 4. g3 c6 5. Bg2 d5 6. b3 O-O 7. O-O a5 8. Nc3
Ne4 9. Bb2 Bf5 10. e3 Nd7 11. cxd5 Nxc3 12. Bxc3 cxd5 13. Qe2 a4 14. Nd2
Nf6 15. bxa4 Rxa4 16. a3 Qd7 17. Bb4 Rc8 18. Rfc1 Raa8 19. Nf3 Bf8 20. Ne5
Qe8 21. g4 Be6 22. h3 h5 23. f3 Bd7 24. Qb2 Bb5 25. Rxc8 Rxc8 26. Rc1 Ba6
27. Rxc8 Qxc8 28. Qc3 Qxc3 29. Bxc3 Bb5 30. Kf2 hxg4 31. hxg4 Nd7 32. Nxd7
Bxd7 33. Bb4 g5 34. Bf1 e6 35. Bxf8 Kxf8 36. Ke1 Ke7 37. Kd2 Kd6 38. Kc3
Ba4 39. Be2 Kc6 40. Kb4 Bc2 41. Kc3 Ba4 42. Kb4 Bc2 1/2-1/2

[Event "2nd SUFE Cup Rapid"]
[Site "Shanghai CHN"]
[Date "2001.05.31"]
[Round "2"]
[White "Wang Lei"]
[Black "Alexandria,N"]
[Result "0-1"]
[WhiteElo "2498"]
[BlackElo "2336"]
[EventDate "2001.05.31"]

1. d4 Nf6 2. c4 b6 3. Nc3 Bb7 4. d5 e6 5. a3 exd5 6. cxd5 g6 7. g3 Bg7 8.
Bg2 O-O 9. Nh3 c5 10. O-O d6 11. Bf4 a6 12. a4 Qe7 13. Qd2 Re8 14. Bh6 Bh8
15. Bg5 Qf8 16. Bh6 Qe7 17. e4 Nbd7 18. f3 Ne5 19. Nf2 Rab8 20. Bg5 Qf8 21.
b3 Bc8 22. Nd3 Nxd3 23. Qxd3 Nd7 24. Ra2 Ne5 25. Qd2 Bd7 26. h3 c4 27. b4
Nd3 28. Ne2 Rbc8 29. Be3 Bf6 30. Bd4 Bxd4+ 31. Nxd4 Qg7 32. Nc2 Nb2 33. b5
c3 34. Qe2 axb5 35. axb5 Rc5 0-1

[Event "2nd SUFE Cup Rapid"]
[Site "Shanghai CHN"]
[Date "2001.06.01"]
[Round "3"]
[White "Alexandria,N"]
[Black "Qin Kanying"]
[Result "0-1"]
[WhiteElo "2336"]
[BlackElo "2489"]
[EventDate "2001.05.31"]

1. d4 Nf6 2. c4 g6 3. Nc3 d5 4. Nf3 Bg7 5. Qa4+ c6 6. cxd5 Nxd5 7. e3 O-O
8. Bd2 Qb6 9. Qa3 Qb4 10. Qxb4 Nxb4 11. Rc1 Bf5 12. e4 Bg4 13. Be3 Rd8 14.
a3 N4a6 15. Rd1 Nc7 16. Be2 Nd7 17. h3 Be6 18. O-O Nb6 19. Rc1 Bc4 20. Bxc4
Nxc4 21. Rc2 Nxe3 22. fxe3 e5 23. Rd1 exd4 24. exd4 Rd7 25. Kf2 Rad8 26.
Rcd2 Bh6 27. Rd3 Ne6 28. g3 Nc5 29. Re3 Bxe3+ 30. Kxe3 f6 31. Rf1 Nb3 32.
d5 Re8 33. Nd4 Nxd4 34. Kxd4 Kg7 35. Na4 cxd5 36. Nc5 Rd6 37. exd5 Re5 38.
Nxb7 Rdxd5+ 39. Kc4 Rb5 40. Nd6 Rec5+ 41. Kd4 Rd5+ 42. Kc4 Rbc5+ 43. Kb4
a5+ 0-1

[Event "2nd SUFE Cup Rapid"]
[Site "Shanghai CHN"]
[Date "2001.06.01"]
[Round "3"]
[White "Xu Yuhua"]
[Black "Maric,A"]
[Result "0-1"]
[WhiteElo "2501"]
[BlackElo "2446"]
[EventDate "2001.05.31"]

1. e4 c6 2. d4 d5 3. Nc3 dxe4 4. Nxe4 Bf5 5. Ng3 Bg6 6. h4 h6 7. Nf3 Nf6 8.
Ne5 Bh7 9. Bc4 e6 10. Qe2 Nd5 11. Bd2 Nd7 12. O-O-O Nxe5 13. dxe5 Qc7 14.
f4 O-O-O 15. Bb3 Be7 16. Ne4 c5 17. g3 Qc6 18. Rhe1 Bf5 19. h5 Nb6 20. c4
Rd4 21. Nf2 Rhd8 22. Be3 Rxd1+ 23. Rxd1 Rxd1+ 24. Bxd1 f6 25. b3 fxe5 26.
fxe5 Nd7 27. Bf4 Qg2 28. Qf3 Qg1 29. Kb2 Bd8 30. g4 Bh7 31. Be3 Bc7 32.
Bxc5 Bxe5+ 33. Kc1 Nxc5 34. Qf8+ Kd7 35. Qxc5 Qe1 0-1

[Event "2nd SUFE Cup Rapid"]
[Site "Shanghai CHN"]
[Date "2001.06.01"]
[Round "3"]
[White "Zhukova,N"]
[Black "Wang Pin"]
[Result "0-1"]
[WhiteElo "2463"]
[BlackElo "2504"]
[EventDate "2001.05.31"]

1. d4 Nf6 2. c4 g6 3. Nc3 Bg7 4. e4 d6 5. f3 O-O 6. Bg5 a6 7. Qd2 c5 8. d5
b5 9. cxb5 Qa5 10. a4 Nbd7 11. Nge2 Nb6 12. Nc1 axb5 13. Bxb5 Ba6 14. Bxa6
Qxa6 15. b3 Rfb8 16. Ra2 Qa5 17. Nb5 Qxd2+ 18. Bxd2 c4 19. Nc7 cxb3 20.
Nxb3 Rxa4 21. Rxa4 Nxa4 22. Nc1 Nc5 23. Be3 Nfd7 24. O-O Bc3 25. e5 Bxe5
26. Ne2 Rb7 27. Bxc5 Nxc5 28. Na8 Rb2 29. Ng3 Bd4+ 30. Kh1 Rb8 31. Ne2 Be5
32. Nc7 Rb7 33. Na8 Rb2 34. Ng3 Rb8 35. Nc7 Rb7 36. Na8 Na6 37. f4 Bf6 0-1

[Event "2nd SUFE Cup Rapid"]
[Site "Shanghai CHN"]
[Date "2001.06.01"]
[Round "4"]
[White "Gaprindashvili,N"]
[Black "Xu Yuhua"]
[Result "1/2-1/2"]
[WhiteElo "2381"]
[BlackElo "2501"]
[EventDate "2001.05.31"]

1. d4 Nf6 2. c4 e6 3. Nc3 Bb4 4. g3 O-O 5. Bg2 Bxc3+ 6. bxc3 Nc6 7. Nf3 Rb8
8. O-O d6 9. Nd2 e5 10. e3 Bf5 11. e4 Bg4 12. f3 Bd7 13. Nb3 Qe7 14. Be3 b6
15. Re1 a5 16. c5 dxc5 17. dxc5 b5 18. Nd2 a4 19. Bf1 Na5 20. Qc2 Bc6 21.
Rab1 Nd7 22. Qc1 f5 23. exf5 Rxf5 24. Qa3 Kh8 25. Qb4 Nb7 26. Qg4 Rff8 27.
Bxb5 Bxb5 28. Rxb5 Nbxc5 29. Reb1 Rxb5 30. Rxb5 c6 31. Rb4 Qd6 32. Qc4 Qd5
33. Rb1 Rc8 34. Kg2 Kg8 35. Rb4 Rf8 36. Rb1 Kh8 37. Qxd5 cxd5 38. Rb5 Rc8
39. f4 exf4 40. Bxf4 Kg8 41. Be3 Kf7 42. Bd4 g6 43. Nf3 h6 44. Ra5 Ke6 45.
g4 Ne4 46. Rxa4 Nxc3 47. Ra6+ Kf7 48. Ra7 Ke6 49. Ra6+ Kf7 50. a4 Ne4 51.
Ra7 Rc2+ 52. Kf1 Ke6 53. Be3 Rc3 54. Ke2 h5 55. gxh5 gxh5 56. Nd4+ Ke7 57.
a5 Ra3 58. Bf4 Nec5 59. Nb5 Ra2+ 60. Ke3 Ra4 61. Bg5+ Ke6 62. Nd4+ Kf7 63.
Bd8 Ra3+ 64. Kf4 Ra4 65. Ke3 Ra3+ 66. Kf4 Ra4 1/2-1/2

[Event "2nd SUFE Cup Rapid"]
[Site "Shanghai CHN"]
[Date "2001.06.01"]
[Round "4"]
[White "Qin Kanying"]
[Black "Zhukova,N"]
[Result "1-0"]
[WhiteElo "2489"]
[BlackElo "2463"]
[EventDate "2001.05.31"]

1. e4 e6 2. d4 d5 3. e5 c5 4. c3 Nc6 5. Nf3 Bd7 6. Be2 f6 7. O-O Qb6 8. a3
a5 9. a4 cxd4 10. cxd4 fxe5 11. dxe5 Bc5 12. Nbd2 Qa7 13. Nb3 Bb6 14. Bd3
Nge7 15. Bd2 h6 16. Bc3 O-O 17. Nbd4 Nxd4 18. Nxd4 Nc6 19. Nxc6 bxc6 20.
Qg4 c5 21. Bd2 c4 22. Bxh6 Rf7 23. Bc2 Bd4 24. Bf4 Raf8 25. Qh5 Rf5 26.
Bxf5 Rxf5 27. Qh4 Bxb2 28. Rab1 Bd4 29. Qd8+ Rf8 30. Qg5 Bxa4 31. Be3 Bb3
32. h4 Bxe3 33. fxe3 Re8 34. h5 a4 35. h6 a3 36. Rbe1 Bc2 37. Ra1 Ra8 38.
Rxa3 1-0

[Event "2nd SUFE Cup Rapid"]
[Site "Shanghai CHN"]
[Date "2001.06.01"]
[Round "5"]
[White "Wang Lei"]
[Black "Zhukova,N"]
[Result "1/2-1/2"]
[WhiteElo "2498"]
[BlackElo "2463"]
[EventDate "2001.05.31"]

1. d4 d5 2. c4 c6 3. Nc3 Nf6 4. cxd5 cxd5 5. Bf4 Nc6 6. Nf3 Ne4 7. e3 Nxc3
8. bxc3 g6 9. Be2 Bg7 10. O-O O-O 11. c4 dxc4 12. Bxc4 Bf5 13. Qe2 Rc8 14.
Rfd1 a6 15. h3 Nb4 16. Be5 Bc2 17. Rdc1 b5 18. Bxg7 Kxg7 19. a3 Rxc4 20.
axb4 Qc8 21. Ne5 Rc3 22. Qd2 f6 23. Ra2 fxe5 24. Raxc2 Rxc2 25. Rxc2 Qd7
26. dxe5 Qxd2 27. Rxd2 Rc8 28. Rd7 Kf7 29. Ra7 Rc1+ 30. Kh2 Ra1 31. Kg3 Ra3
32. Kf4 Ke6 33. Kg3 Rb3 34. Rxa6+ Kxe5 35. Ra7 Kf6 36. Rb7 Rxb4 37. f4
1/2-1/2

[Event "2nd SUFE Cup Rapid"]
[Site "Shanghai CHN"]
[Date "2001.06.01"]
[Round "5"]
[White "Wang Pin"]
[Black "Alexandria,N"]
[Result "1-0"]
[WhiteElo "2504"]
[BlackElo "2336"]
[EventDate "2001.05.31"]

1. e4 c5 2. Nf3 d6 3. d4 cxd4 4. Nxd4 e5 5. Bb5+ Bd7 6. Bxd7+ Qxd7 7. Nb3
Nf6 8. Nc3 d5 9. exd5 Bb4 10. O-O Bxc3 11. bxc3 Qxd5 12. Ba3 Qxd1 13. Rfxd1
Nbd7 14. Na5 b6 15. Nc4 Ne4 16. Re1 f5 17. f3 Rc8 18. Ne3 Nxc3 19. Nxf5 Nb5
20. Bb4 a5 21. a4 g6 22. Ne3 Nd4 23. Ba3 Kf7 24. Rad1 Rhd8 25. f4 exf4 26.
Rxd4 fxe3 27. Rf1+ Kg8 28. Be7 Re8 29. Rxd7 Rxc2 30. Rd8 Rxd8 31. Bxd8 Rc4
32. Bxb6 Rxa4 33. Bxe3 Re4 34. Bh6 Re8 35. Ra1 Ra8 36. Ra4 Kf7 37. Bd2 1-0

[Event "2nd SUFE Cup Rapid"]
[Site "Shanghai CHN"]
[Date "2001.06.01"]
[Round "5"]
[White "Xu Yuhua"]
[Black "Ioseliani,N"]
[Result "0-1"]
[WhiteElo "2501"]
[BlackElo "2499"]
[EventDate "2001.05.31"]

1. e4 c5 2. Nf3 e6 3. d4 cxd4 4. Nxd4 a6 5. Bd3 Nf6 6. Nc3 Qc7 7. O-O d6 8.
Kh1 Be7 9. f4 O-O 10. Qf3 Nc6 11. Be3 Bd7 12. Rae1 b5 13. a3 Nxd4 14. Bxd4
Bc6 15. Qg3 g6 16. Qh3 e5 17. Be3 Qb7 18. f5 a5 19. Bh6 Rfe8 20. Bg5 Nh5
21. f6 Bf8 22. Qe3 Rac8 23. Bh6 Bxh6 24. Qxh6 Re6 25. Qg5 b4 26. axb4 axb4
27. Nd1 h6 28. Qh4 Kh7 29. Ne3 Nf4 30. Ng4 h5 31. Nf2 Kh6 32. Nh3 Nxh3 33.
Qxh3 d5 34. Qe3+ Kh7 35. g4 dxe4 36. Bc4 Bd5 37. Bxd5 Qxd5 38. gxh5 Rg8 39.
Qxe4 Qxe4+ 40. Rxe4 gxh5 0-1

[Event "2nd SUFE Cup Rapid"]
[Site "Shanghai CHN"]
[Date "2001.06.02"]
[Round "6"]
[White "Zhukova,N"]
[Black "Xu Yuhua"]
[Result "0-1"]
[WhiteElo "2463"]
[BlackElo "2501"]
[EventDate "2001.05.31"]

1. d4 Nf6 2. c4 e6 3. Nc3 Bb4 4. g3 d5 5. Bg2 O-O 6. Nf3 dxc4 7. O-O c5 8.
dxc5 Nc6 9. Na4 Qe7 10. Qc2 Bxc5 11. Qxc4 Bd6 12. Nc3 e5 13. Qa4 Bd7 14.
Qh4 h6 15. Be3 Bc5 16. Bxc5 Qxc5 17. e3 Be6 18. Nd2 Rad8 19. Nde4 Nxe4 20.
Nxe4 Qb4 21. g4 f6 22. a3 Qxb2 23. Rab1 Qxa3 24. Rxb7 Ne7 25. Rc7 Rd7 26.
Rcc1 Ng6 27. Qg3 Rb8 28. Nc5 Rc7 29. e4 Qxg3 30. hxg3 Rbc8 31. Nd3 Rxc1 32.
Rxc1 Rxc1+ 33. Nxc1 Bxg4 34. Nb3 Ne7 35. Bf1 Nc6 36. Bb5 Nd4 37. Bc4+ Be6
0-1

[Event "2nd SUFE Cup Rapid"]
[Site "Shanghai CHN"]
[Date "2001.06.02"]
[Round "6"]
[White "Ioseliani,N"]
[Black "Wang Pin"]
[Result "0-1"]
[WhiteElo "2499"]
[BlackElo "2504"]
[EventDate "2001.05.31"]

1. d4 Nf6 2. Nf3 g6 3. g3 Bg7 4. Bg2 O-O 5. b3 c5 6. O-O d5 7. Bb2 Ne4 8.
e3 Nc6 9. Ne5 cxd4 10. exd4 Bf5 11. Nxc6 bxc6 12. Qe2 c5 13. Rd1 Qc7 14. c4
cxd4 15. Bxd4 Bxd4 16. Rxd4 Rad8 17. Na3 Nc3 18. Qe3 e5 19. Rh4 d4 20. Qd2
Qe7 21. Nc2 g5 22. Rh5 f6 23. Re1 Bg4 24. Rh3 Qd7 25. Rh6 Qg7 26. Rh3 Qd7
27. Rh6 Kg7 28. h4 Kxh6 29. hxg5+ fxg5 30. Rxe5 Rf5 31. Re1 Ne2+ 32. Rxe2
Bxe2 33. Be4 Bf3 34. Qd3 Bxe4 35. Qxe4 Re8 36. Qg4 d3 0-1

[Event "2nd SUFE Cup Rapid"]
[Site "Shanghai CHN"]
[Date "2001.06.02"]
[Round "7"]
[White "Wang Lei"]
[Black "Maric,A"]
[Result "1/2-1/2"]
[WhiteElo "2498"]
[BlackElo "2446"]
[EventDate "2001.05.31"]

1. d4 Nf6 2. c4 e6 3. Nc3 Bb4 4. Qc2 O-O 5. a3 Bxc3+ 6. Qxc3 b6 7. Bg5 Bb7
8. f3 d5 9. e3 Re8 10. Bd3 Nbd7 11. cxd5 exd5 12. Ne2 c5 13. O-O h6 14. Bh4
Qe7 15. Bf2 Rac8 16. Qd2 Nf8 17. Ng3 g6 18. Rae1 Ne6 19. dxc5 Nxc5 20. Bb5
Red8 21. b4 Ne6 22. Ne2 Bc6 23. Ba6 Bb7 24. Bd3 Ne4 25. Qb2 Nxf2 26. Kxf2
d4 27. exd4 Nxd4 28. Nxd4 Qh4+ 29. Kg1 Qxd4+ 30. Qxd4 Rxd4 31. Bb5 Rc7 32.
Rc1 Re7 33. Rfe1 Rxe1+ 34. Rxe1 a6 35. Re7 axb5 36. Rxb7 Rd6 37. Kf2 Kg7
38. Re7 Rd5 39. Re3 Kf6 40. Kg3 g5 41. h4 Kg6 42. Rc3 f6 43. Rc8 Kf7
1/2-1/2

[Event "2nd SUFE Cup Rapid"]
[Site "Shanghai CHN"]
[Date "2001.06.02"]
[Round "7"]
[White "Xu Yuhua"]
[Black "Zhukova,N"]
[Result "1-0"]
[WhiteElo "2501"]
[BlackElo "2463"]
[EventDate "2001.05.31"]

1. e4 e6 2. Qe2 c5 3. Nf3 Nc6 4. g3 g6 5. Bg2 Bg7 6. d3 Nge7 7. O-O O-O 8.
c3 d6 9. Na3 h6 10. h3 e5 11. Nc2 Be6 12. Be3 Qc8 13. Kh2 f5 14. exf5 gxf5
15. Qd2 Kh7 16. d4 cxd4 17. cxd4 f4 18. gxf4 exf4 19. Bxf4 Nxd4 1-0

[Event "2nd SUFE Cup Rapid"]
[Site "Shanghai CHN"]
[Date "2001.06.02"]
[Round "8"]
[White "Xie Jun"]
[Black "Maric,A"]
[Result "1/2-1/2"]
[WhiteElo "2557"]
[BlackElo "2446"]
[EventDate "2001.05.31"]

1. e4 c6 2. d4 d5 3. e5 Bf5 4. Nf3 e6 5. Be2 c5 6. Be3 cxd4 7. Nxd4 Ne7 8.
Bg5 Qa5+ 9. c3 Bxb1 10. Qxb1 Nec6 11. Nb3 Qc7 12. f4 Nd7 13. O-O g6 14. Kh1
Bg7 15. Bd3 O-O 16. Qe1 Rae8 17. Qh4 f6 18. exf6 Nxf6 19. Rae1 Qd6 20. Bc2
Ne7 21. Nd4 Nf5 22. Bxf5 exf5 23. Bxf6 Bxf6 24. Qf2 a6 25. Nb3 b6 26. Rd1
Qc6 27. Qd2 Rd8 28. Rfe1 Rfe8 29. Rxe8+ Rxe8 30. Kg1 Rd8 31. Re1 Kf7 32.
Nd4 Bxd4+ 33. cxd4 Re8 34. Re5 Rxe5 35. fxe5 Qc4 36. b3 Qc6 37. h3 Kg7 38.
Qg5 Qc3 39. Qf6+ Kh6 40. Qh4+ Kg7 41. Kh2 Qe3 42. Qe7+ Kh6 43. Qh4+ Kg7 44.
b4 f4 1/2-1/2

[Event "2nd SUFE Cup Rapid"]
[Site "Shanghai CHN"]
[Date "2001.06.02"]
[Round "8"]
[White "Ioseliani,N"]
[Black "Xu Yuhua"]
[Result "0-1"]
[WhiteElo "2499"]
[BlackElo "2501"]
[EventDate "2001.05.31"]

1. d4 Nf6 2. Nf3 e6 3. c4 b6 4. e3 Bb7 5. Bd3 Be7 6. O-O O-O 7. b3 d5 8.
Bb2 Nbd7 9. Nc3 Ne4 10. Qc2 f5 11. Ne2 Bd6 12. cxd5 exd5 13. Ne5 c5 14.
Nxd7 Qxd7 15. f3 Rac8 16. Qd1 Nf6 17. dxc5 bxc5 18. Qc2 Qe6 19. Bxf5 Qxe3+
20. Kh1 Rce8 21. Rae1 Qh6 22. h3 Qh4 23. b4 cxb4 24. Qd3 Re7 25. g3 Qc4 26.
Nd4 Rfe8 27. Rxe7 Rxe7 28. Be6+ Kh8 29. Qxc4 dxc4 30. Bxc4 Nh5 31. Nf5
Nxg3+ 32. Nxg3 Bxg3 33. Kg2 Bc7 34. Bd4 a5 35. Bb5 h5 36. Rc1 Bd6 37. Rd1
Rf7 38. Rd3 Rf5 39. Bc4 Rg5+ 40. Kf2 Bg3+ 41. Ke2 Bf4 42. Kf2 Kh7 43. Bb6
Bg3+ 44. Kf1 Bc8 45. h4 Bxh4 46. Rd6 Bh3+ 47. Ke2 Rg2+ 48. Kd1 Bf5 49. Bxa5
Bc2+ 50. Kc1 Bg5+ 51. Kb2 Ba4+ 0-1

[Event "2nd SUFE Cup Rapid"]
[Site "Shanghai CHN"]
[Date "2001.06.03"]
[Round "9"]
[White "Wang Lei"]
[Black "Ioseliani,N"]
[Result "1/2-1/2"]
[WhiteElo "2498"]
[BlackElo "2499"]
[EventDate "2001.05.31"]

1. d4 d5 2. c4 e6 3. Nc3 Nf6 4. Nf3 Nbd7 5. Bf4 dxc4 6. e3 Nb6 7. Bxc4 Nxc4
8. Qa4+ Bd7 9. Qxc4 Bd6 10. Bg5 h6 11. Bh4 g5 12. Bg3 Bc6 13. Ne5 Bxg2 14.
Rg1 Bd5 15. Nxd5 exd5 16. Qb5+ Kf8 17. O-O-O Qc8 18. h4 c6 19. Qe2 Qe6 20.
hxg5 hxg5 21. Nf3 Bxg3 22. Rxg3 g4 23. Ne5 c5 24. Nxg4 cxd4 25. Nxf6 Rc8+
26. Kb1 Qxf6 27. Ka1 Rc4 28. exd4 Rxd4 29. Rdg1 Re4 30. Qc2 Rc4 31. Qd2 Qe6
32. a3 Rh5 33. Re3 Re4 34. Rc3 d4 35. Rc7 Rb5 36. Rgc1 Kg7 37. Rg1+ Kf8 38.
Rgc1 Kg7 39. f3 Rh4 40. Qg2+ Qg6 41. Qf2 Qf6 42. Qg3+ Qg5 43. Qf2 Qf6 44.
Qg3+ Qg5 45. Qf2 Qf6 46. Qg3+ Qg5 47. Qf2 1/2-1/2

[Event "2nd SUFE Cup Rapid"]
[Site "Shanghai CHN"]
[Date "2001.06.03"]
[Round "9"]
[White "Xie Jun"]
[Black "Alexandria,N"]
[Result "1-0"]
[WhiteElo "2557"]
[BlackElo "2336"]
[EventDate "2001.05.31"]

1. e4 c5 2. Nf3 e6 3. d4 cxd4 4. Nxd4 a6 5. Bd3 Qc7 6. O-O Nf6 7. f4 Bc5 8.
c3 d6 9. Kh1 b5 10. Nd2 Bb7 11. Qe2 Nbd7 12. N2f3 e5 13. Nf5 O-O 14. fxe5
dxe5 15. Bc2 Rfe8 16. Bg5 Bf8 17. Nd2 Qc6 18. Qf3 h6 19. Nxh6+ gxh6 20.
Bxf6 Nxf6 21. Qxf6 Qxf6 22. Rxf6 Rad8 23. Nf1 Rd7 24. Ng3 Be7 25. Rf3 Bg5
26. Raf1 Ree7 27. h4 Bf4 28. Nf5 Re6 29. Rd3 Rxd3 30. Bxd3 h5 31. Bc2 Kh7
32. g3 Bh6 33. Nxh6 Kxh6 34. Rxf7 Bc6 35. Kg1 Rd6 36. Rf2 a5 37. Kf1 b4 38.
cxb4 axb4 39. Ke1 Kg6 40. Rf5 Re6 41. Kd2 Re7 42. Ke3 Be8 43. Bd1 Kh6 44.
Rf6+ Kg7 45. Rb6 Ra7 46. Bb3 Bf7 47. Rxb4 Bxb3 48. axb3 Ra2 49. Rb7+ Kf6
50. Rb6+ Kf7 51. Rh6 Rxb2 52. Rxh5 Rxb3+ 53. Kf2 Kf6 54. Rh6+ Kf7 55. Rc6
Ra3 56. Rc4 Rb3 57. Kg2 Re3 58. Kh3 Kf6 59. Kg4 Kg6 60. h5+ Kh6 61. Kh4 Re1
62. Rc6+ Kh7 63. h6 Rxe4+ 64. Kh5 Ra4 65. g4 e4 66. Re6 Ra1 67. Re7+ Kh8
68. Rxe4 Ra8 69. g5 Kg8 70. Re7 Kh8 71. g6 Rg8 72. Rh7+ 1-0

[Event "2nd SUFE Cup Rapid"]
[Site "Shanghai CHN"]
[Date "2001.06.03"]
[Round "9"]
[White "Zhukova,N"]
[Black "Qin Kanying"]
[Result "1-0"]
[WhiteElo "2463"]
[BlackElo "2489"]
[EventDate "2001.05.31"]

1. c4 c5 2. Nf3 Nc6 3. d4 cxd4 4. Nxd4 Nf6 5. Nc3 e6 6. e3 Be7 7. Be2 O-O
8. O-O d5 9. cxd5 Nxd4 10. Qxd4 Nxd5 11. Nxd5 Qxd5 12. Qxd5 exd5 13. Bf3
Be6 14. Rd1 Bf6 15. Bxd5 Bxd5 16. Rxd5 Rfd8 17. Rxd8+ Rxd8 18. Kf1 Rd1+ 19.
Ke2 Rh1 20. h3 g5 21. e4 h5 22. Rb1 Be5 23. Kd3 Rf1 24. Ke2 Rg1 25. g3 h4
26. gxh4 gxh4 27. Kd3 Rf1 28. Ke2 Rh1 29. Kf3 a5 30. Kg4 Rg1+ 31. Kxh4 Kh7
32. Kh5 b5 33. a3 f6 34. Ra1 a4 35. h4 Bd4 36. Be3 Rxa1 37. Bxd4 Kg7 38.
Kg4 Kf7 39. Kf5 Rc1 40. Bxf6 Rc5+ 41. Be5 Rc1 42. f4 Rh1 43. Bf6 Rh2 44. e5
Re2 45. h5 Ke8 46. e6 Rh2 47. Kg6 Rg2+ 48. Kf5 Rh2 49. Kg5 Rg2+ 50. Kf5 Rh2
51. Kg6 Rg2+ 52. Kf5 Rh2 53. Bc3 Rxh5+ 54. Kg6 Rh3 55. f5 Re3 56. Kg7 Rg3+
57. Kf6 Re3 58. Kg5 Re2 59. Kf4 Kf8 60. Kf3 Rh2 61. f6 Rh7 62. Bb4+ Ke8 63.
f7+ 1-0

[Event "2nd SUFE Cup Rapid"]
[Site "Shanghai CHN"]
[Date "2001.06.03"]
[Round "10"]
[White "Maric,A"]
[Black "Xu Yuhua"]
[Result "1/2-1/2"]
[WhiteElo "2446"]
[BlackElo "2501"]
[EventDate "2001.05.31"]

1. d4 Nf6 2. Nf3 e6 3. c4 b6 4. g3 Ba6 5. b3 Bb7 6. Bg2 Bb4+ 7. Bd2 Qe7 8.
O-O O-O 9. Qc2 Be4 10. Qb2 c5 11. Bxb4 cxb4 12. Nbd2 Bb7 13. Qc2 d6 14.
Rfe1 Nbd7 15. e4 e5 16. Nf1 g6 17. Rad1 Rfe8 18. Qd3 Rad8 19. N3d2 Nb8 20.
Ne3 Nc6 21. dxe5 Nxe5 22. Qf1 Ned7 23. Nd5 Nxd5 24. exd5 Qf8 25. Nf3 Nc5
26. Nd4 a5 27. Nc6 Rxe1 28. Qxe1 Re8 29. Qd2 Bc8 30. h4 h5 31. Kh2 Bd7 32.
Re1 Rxe1 33. Qxe1 Qe8 34. Qd2 Kg7 35. Bf3 Bf5 36. Qd4+ f6 37. Qf4 Qd7 38.
Nd4 Bb1 39. Qc1 Bf5 40. Qe3 Kf7 41. Qh6 Kg8 42. Nc6 Bb1 43. Qf4 Kg7 44. Qd2
Qf5 45. Qe2 Be4 46. Nd4 Qe5 47. Nb5 Bxf3 48. Qxf3 Kf7 49. Kg2 Ke7 50. Na7
Kd7 51. Kh2 f5 52. Nc6 Qe4 53. Qd1 f4 54. Qa1 fxg3+ 55. fxg3 Qc2+ 56. Kh3
Qf5+ 57. Kg2 Qc2+ 58. Kh1 Qe4+ 59. Kh2 Qc2+ 1/2-1/2

[Event "2nd SUFE Cup Rapid"]
[Site "Shanghai CHN"]
[Date "2001.06.03"]
[Round "11"]
[White "Qin Kanying"]
[Black "Maric,A"]
[Result "1/2-1/2"]
[WhiteElo "2489"]
[BlackElo "2446"]
[EventDate "2001.05.31"]

1. e4 c6 2. c4 d5 3. exd5 cxd5 4. cxd5 Nf6 5. Nc3 Nxd5 6. Nf3 e6 7. Bc4 Be7
8. O-O O-O 9. d4 Nc6 10. Re1 Nxc3 11. bxc3 b6 12. Bd3 Bb7 13. Qc2 g6 14.
Bf4 Rc8 15. Qd2 Na5 16. Ne5 Bf6 17. Bh6 Bg7 18. Rac1 Rc7 19. h4 f6 20. Ng4
Bd5 21. Ne3 Bb7 22. Ng4 Qd6 23. Bxg7 Kxg7 24. Qh6+ Kg8 25. h5 Qd5 26. f3
Qxh5 27. Rxe6 Qxh6 28. Nxh6+ Kg7 29. Ng4 Bd5 30. Re2 Rfc8 31. Ne3 Bf7 32.
Rec2 Nc4 33. Nxc4 Bxc4 34. Bxc4 Rxc4 35. Kf2 b5 36. Re1 Kf7 37. Rb2 a6 38.
Rbe2 R8c7 39. Re6 R4c6 40. d5 Rxe6 41. Rxe6 Rxc3 42. Rxa6 Rd3 43. Ra7+ Ke8
44. Rxh7 Rd2+ 45. Ke3 Rxa2 46. Rb7 Rxg2 47. Rxb5 Kd7 48. Rb6 Ke7 49. Re6+
Kf7 50. Ra6 Rg1 51. Ra7+ Ke8 52. Rg7 Kf8 53. Rh7 Rd1 54. Ke4 Re1+ 55. Kd4
Rf1 56. Rh3 Ke7 57. Rh7+ Kd6 58. Rg7 Rxf3 59. Rxg6 Rf5 60. Ke4 Re5+ 1/2-1/2

[Event "2nd SUFE Cup Rapid"]
[Site "Shanghai CHN"]
[Date "2001.06.03"]
[Round "11"]
[White "Chiburdanidze,M"]
[Black "Xu Yuhua"]
[Result "0-1"]
[WhiteElo "2513"]
[BlackElo "2501"]
[EventDate "2001.05.31"]

1. d4 Nf6 2. c4 e6 3. Nc3 Bb4 4. e3 O-O 5. Bd3 d5 6. cxd5 exd5 7. Nge2 c6
8. O-O Bd6 9. f3 Qc7 10. g3 Bh3 11. Rf2 Nbd7 12. Bd2 Rfe8 13. Rc1 Qb8 14.
Kh1 Be6 15. Nf4 Nf8 16. g4 Bd7 17. g5 Bxf4 18. exf4 Nh5 19. f5 Nf4 20. Bb1
g6 21. f6 N8e6 22. Ne2 Qd6 23. Nxf4 Nxf4 24. Rc3 Bh3 25. Be3 Re6 26. Qg1
Rae8 27. Rd2 h6 28. gxh6 Kh7 29. a3 Rxf6 30. Qg3 Rfe6 31. Be4 dxe4 32. Bxf4
exf3 33. Kg1 Re1+ 0-1

[Event "2nd SUFE Cup Rapid"]
[Site "Shanghai CHN"]
[Date "2001.06.04"]
[Round "12"]
[White "Maric,A"]
[Black "Wang Pin"]
[Result "1/2-1/2"]
[WhiteElo "2446"]
[BlackElo "2504"]
[EventDate "2001.05.31"]

1. d4 Nf6 2. Nf3 g6 3. g3 Bg7 4. c4 O-O 5. Bg2 d6 6. O-O Nc6 7. Nc3 a6 8.
h3 Rb8 9. Qc2 Bd7 10. e4 e5 11. dxe5 Nxe5 12. Nxe5 dxe5 13. Be3 Be6 14. b3
Qc8 15. Kh2 c6 16. Rac1 Nd7 17. Qd2 Qd8 18. Rfd1 Re8 19. Nd5 cxd5 20. cxd5
Nf8 21. dxe6 Nxe6 22. Qb2 Qe7 23. Rd5 Rbc8 24. Rcd1 Nd4 25. Rd2 Red8
1/2-1/2